MDQL
is popping MORE tags! Check the
thread
!
Quizzes
Events
Quiz Creation
Community
Videos
Private Events
Remove Ads
Sign In
Join for FREE
Feedback
Dark Mode
Quiz Categories
Sports
Geography
Music
Movies
Television
Just For Fun
Miscellaneous
History
Literature
Language
Science
Gaming
Entertainment
Religion
Holiday
For Kids
Quiz Lab
Recent
Popular Today
Quiz Kudos Today
Editor Picks
Curator Picks
Quizzes by...
Day
Popularity
Type
Ratings
Length
Year
Community
Subscriptions
Recent Discussions
Orange Saloon
Badges
Playlists
Quests
Create
Leaderboards
Showdown
Live 5
Trivia Bingo
Activity
Puzzle Library
Sporcle Events
Private Events
Virtual Trivia
Globe League
Become a Host
Pub Owners
SporcleCon
Opinionation
Our Games
Videos
Blog
Mobile Apps
Partnerships
Remove Ads and Go Orange
Feedback
Entertainment
Celebrity
Famous
Musical
Broadway
Show
Quote
Comic Books
Anime
Superhero
DC Comics
Marvel
Cartoons
Animation
Entertainment
Celebrity
Famous
Musical
Broadway
Show
Quote
Comic Books
Anime
Superhero
DC Comics
Marvel
Cartoons
Animation
Random Quiz
Search Sporcle
×
Quiz Lab
Quiz Lab
Entertainment
Avengers
Type in answers that appear in a list
Type in answers that appear in a list
Classic
Best Score? Go Orange.
Mighty Avengers villains Stats
Can you name the Mighty Avengers villains?
By
Number7
10m
20 Questions
235 Plays
235 Plays
235 Plays
Comments
Comments
Give Quiz Kudos
Give Quiz Kudos
-
- Ratings
hide this ad
Replay
Link that replays current quiz
Next Quiz
Link to next quiz in quiz playlist
You Got
0%
They Got
Avg Score
44%
Avg Friend Score
Upgrade to see
Score Distribution
Jump to the score distribution portion of the page
Score
0/20
Timer
10:00
0
Plays Today
Description
Name
% Correct
Menace who first brought the original team together
Loki
95.7%
Genocidal robot, the creation and 'son' of a longtime Avenger
Ultron
76.6%
Travelled from future time, has many aliases
Kang
74.5%
Scythe-
welding brother of a longtime Avenger
Grim Reaper
60%
Green-
skinned Chinese communist (NOT a 'Simpsons' character)
Radioactive Man
57.9%
Team of arch-
villain rivals (pretended to be heroes)
Masters of Evil
52.8%
Manipulates gravity, plagued the early West Coast Avengers team
Graviton
50.6%
He is and yet also isn't the same person as above
Immortus
46%
Alien antiquarian with a vast menagerie of creatures from all over the universe
Collector
45.5%
Heroes from a parrallel Earth, suspiciously like heroes from a rival comic publisher
Squadron Supreme
42.1%
Description
Name
% Correct
Mercenary who talked his way into joining the Avengers, only to betray them
Swordsman
40.4%
12 member team, from the 'Age of Aquarius'
Zodiac
40%
European mob leader who stole superpowers from other villains
Count Nefaria
35.3%
Alien who masqueraded as the Hulk, got trapped in limbo
Space Phantom
31.9%
Game player, can make people vanish out of existence
Grandmaster
31.5%
Gem-
welding scientist, frequently a member of the 'Masters of Evil'
Moonstone
28.1%
Godlike being from alternate future known as 'the Enemy'
Korvac
27.7%
Merciless leader of an alien race of warriors, the Avengers 'murdered' him
Supreme Intelligence
24.7%
Blue-
skinned alien, motif of stealing super-
powerful weapons
Nebula
17.9%
Alternate timeline Avengers
Gatherers
10.6%
Quiz Playlist
Details
Report
Send in Message
Add To Playlist
Classic:
Type in answers that appear in a list
Last Updated: Feb 16, 2017
Quiz Scoreboard
CHALLENGE
Sign Up to Join the Scoreboard
Show All
Scores
Hide
Comments
May contain spoilers
Recently Published
1-10 Letter E Words III
by El_Dandy
Language
2m
Street Fighter Characters
by Artimus82
Gaming
60s
College Basketball Coaching Resumes
by pancakes188
Sports
9m
More to Explore
Quiz From the Vault
Featured Blog Post
Where Did the Easter Bunny Come From?
hide this ad
You Might Also Like...
Tags
appearance
Avengers
description
Mighty
Villains
Today's Top Quizzes in Entertainment
Browse Entertainment
hide this ad
Today's Top Quizzes in Avengers
Browse Avengers
Top Contributed Quizzes in Entertainment
1
7-to-1: DC Comics Villains
2
Marvel Characters Bunker
3
Dragon Ball Z: Goku's Fights in Order
4
Eurovision 2023 Logic Puzzle
5
Sorting Pictures: Villains
6
Criteria Quickie: Cartoon Taxonomy II
7
7-to-1: One Piece
8
Mini Trivia Sudoku: Musicals
9
One Piece Characters Order of Appearance
10
Click the Cartoon Scott
Explore More
Trending Topics
Kpop
NBA
Marvel
Harry Potter
Disney
Crossword
Anime
Country
Puzzle
WWE
The Office
Pokémon
Song
Soccer
NFL
hide this ad
More By:
Number7
Quiz
Plays
Rating
Category
Featured
Created
Mighty Avengers villains
235
5.00
Entertainment
Oct 12, 2011
Dark Shadows Characters
204
Television
Oct 10, 2011
One Life to Live villain characters
154
Television
Oct 10, 2011
Go to Creator's Profile
Score Distribution
Quiz Creator Spotlight
Number7
Follow
Send a Message
Quizzes Created
-
Created Quiz Play Count
-
More By This Creator
Popular Quizzes Today
1
Find the US States - No Outlines Minefield
2
Find the Countries of Europe - No Outlines Minefield
3
The Countries of the World
4
Find the US States
5
Risky Map Clicking: Biggest States A-Z
6
US States
7
Popular People in 1961
8
Movies - When Are They Set?
More Entertainment Quizzes
Captain America Family Tree
Quiz Lab
Trending Quizzes
Risky Map Clicking: Least Populous States A-Z
1-10 Letter G Words
1-10 Letter F Words
Countries of the World: 200 Million BC
Risky Map Clicking: Next State Alphabetically
Recently Updated
Most Oscar Losses (Acting)
pecheneg
Beyoncé Albums
pecheneg
Leaping Animals
pecheneg
Reality TV Shows (A-Z)
bhenderson79
Rickey Henderson's Hall of Fame Teammates
pecheneg
Champions League XIs: Arsenal
pecheneg
Quick Pick: Celebrities in WWE's Hall of Fame
aduchscher
A-Z Keypad Blitz II
pecheneg
Multiple Oscar Actors
pecheneg
Mystery Phrase Blitz: Oscar 'Best Actors'
pecheneg
Trending Topics
Marvel
Anime
Disney
Kpop
Crossword
Harry Potter
NBA
Pokémon
Soccer
NFL
The Office
WWE
Country
Puzzle
Song
Your Account Isn't Verified!
In order to create a playlist on Sporcle, you need to verify the email address you used during registration. Go to your
Sporcle Settings
to finish the process.
Report this User
Report this user for behavior that violates our
Community Guidelines
.
Details:
Send Report
Go to the Sporcle.com Mobile Site →
Comments